[Event "Nis op"]
[Site "Nis"]
[Date "1993.??.??"]
[Round "?"]
[White "Marinkovic, Ivan"]
[Black "Stojanovic, Marko"]
[Result "0-1"]
[WhiteElo "2455"]
[BlackElo "2245"]

1.e4 c5 2.Nc3 e6 3.Nf3 Nc6 4.d4 cxd4 5.Nxd4 Nf6 6.g3 Qb6 7.Nb3 Bb4 8.Bg2 d5
9.O-O Bxc3 10.exd5 Nxd5 11.bxc3 O-O 12.c4 Nde7 13.Ba3 Qa6 14.Bc5 Re8 15.Qd3 e5
16.Rfe1 Be6 17.Bf1 Nf5 18.Qc3 b6 19.Be3 Qa3 20.c5 Nfd4 21.Bg2 Rac8 22.Bxc6 Nxc6
23.Bc1 Qb4 24.Bd2 Qg4 25.f3 Qh3 26.Be3 Bd5 27.Rf1 Ne7 28.Qd2 Nf5 29.Qf2 Re6
30.Rfd1 Ba8 31.Re1 Rg6 32.Qg2 Qh5 33.Nd2 Nh4 34.Qf2 Rd8 35.Rf1 Nf5 36.Rae1 Qh3
37.g4 Rxg4+  0-1

[Event "Nis op"]
[Site "Nis"]
[Date "1993.??.??"]
[Round "?"]
[White "Milenkovic, Mladen"]
[Black "Abramovic, Bosko"]
[Result "1-0"]
[WhiteElo "2215"]
[BlackElo "2460"]

1.e4 c5 2.Nf3 Nc6 3.d4 cxd4 4.Nxd4 e6 5.Nc3 Qc7 6.Be2 a6 7.Be3 Nf6 8.f4 d6
9.O-O Be7 10.Qe1 O-O 11.Qg3 Nxd4 12.Bxd4 b5 13.e5 dxe5 14.fxe5 Bc5 15.Bxc5 Qxc5+
16.Rf2 Nd7 17.Bf3 Rb8 18.Re1 b4 19.Na4 Qc7 20.b3 Rb5 21.Rfe2 Nc5 22.Nb2 a5
23.Rf2 Nd7 24.Nd3 Ba6 25.Re4 g6 26.h4 Bb7 27.Rc4 Qb8 28.Bxb7 Rxb7 29.h5 Rb5
30.Re2 Rc8 31.Rh4 Rc3 32.hxg6 fxg6 33.Qh3 Qa7+ 34.Rf2 Nf8 35.Rf4 Rb8 36.Qf3 Nd7
37.Qh3 Nf8 38.Qh6 Qg7 39.Qxg7+ Kxg7 40.Rf7+  1-0

[Event "Nis op"]
[Site "Nis"]
[Date "1993.??.??"]
[Round "?"]
[White "Ristic, Slobodan B"]
[Black "Bakic, Rados"]
[Result "1/2-1/2"]
[WhiteElo "2290"]
[BlackElo "2400"]

1.e4 c5 2.Nf3 Nc6 3.d4 cxd4 4.Nxd4 e6 5.Nc3 Nf6 6.g3 Qb6 7.Nb3 Bb4 8.Bg2 d5
9.O-O d4 10.Ne2 e5 11.c3 dxc3 12.bxc3 Be7 13.h3 O-O 14.Be3 Qc7 15.f4 Rd8
16.Qc2 b6 17.fxe5 Nxe5 18.Ned4 Ba6 19.Rfd1 g6 20.a4 Nh5 21.Qf2 Nd3 22.Rxd3 Bxd3
23.e5 Rac8 24.Nc6 Re8 25.Nbd4 Qd7 26.e6 fxe6 27.Ne5 Qd6 28.Nxd3 e5 29.Qa2+ Kh8
30.Qe6 Rxc3 31.Nxe5 Qxe6 32.Nxe6 Rxe3 33.Nf7+ Kg8 34.Nh6+  1/2-1/2

[Event "Nis op"]
[Site "Nis"]
[Date "1993.??.??"]
[Round "?"]
[White "Zivkovic, Branimir"]
[Black "Mackic, Zoran"]
[Result "0-1"]
[WhiteElo "2255"]
[BlackElo "2340"]

1.e4 c5 2.Nf3 e6 3.d4 cxd4 4.Nxd4 Nc6 5.Nc3 Qc7 6.Be2 a6 7.O-O Nf6 8.Kh1 Nxd4
9.Qxd4 Bc5 10.Qd3 h5 11.Qg3 Qxg3 12.hxg3 Ng4 13.Kg1 b5 14.a4 b4 15.Nd1 Bb7
16.Bd3 h4 17.gxh4 Rxh4 18.Re1 f6 19.Ne3 Ne5 20.f3 g5 21.Kf2 Ke7 22.Bd2 Rah8
23.Ke2 Ng6 24.Kd1 Rh1 25.Bf1 Rg1 26.Ng4 Nf4 27.Be3 Bxe3 28.Nxe3 g4 29.Be2 Rxe1+
30.Kxe1 Nxg2+ 31.Nxg2 gxf3 32.Nf4 Bxe4 33.Bxf3 Bxc2 34.Kd2 Rh2+ 35.Ne2 Bb3
36.a5 d5 37.Rh1 Rxh1 38.Bxh1 Kd6 39.Nd4 Ba4 40.Bf3 Bd7 41.Be2 Bc8 42.Nc2 Kc5
43.Ne1 f5 44.Nd3+ Kb5 45.Ne5+ Kxa5 46.Nc6+ Kb6 47.Nxb4 a5 48.Nd3 Kc7 49.Bd1 Kd6
50.b4 axb4 51.Nxb4 e5 52.Bh5 Kc5 53.Nd3+ Kd6 54.Bf7 e4 55.Nf4 d4 56.Bc4 Ke5
57.Ng6+ Kf6 58.Nf4 Bd7 59.Ba6 Be8 60.Bc8 Ke5 61.Ne6 e3+ 62.Ke2 Bb5+ 63.Kf3 Bc6+
64.Ke2 f4 65.Ng5 Bb5+ 66.Ke1 d3 67.Nf3+ Kd5 68.Bf5 Kc4 69.Nh4 d2+ 70.Kd1 Kc3  0-1

[Event "NLD-ch"]
[Site "?"]
[Date "1993.??.??"]
[Round "?"]
[White "Nijboer, Friso"]
[Black "Van Mil, Johannes A J"]
[Result "1/2-1/2"]
[WhiteElo "2505"]
[BlackElo "2435"]

1.e4 c5 2.Nf3 e6 3.d4 cxd4 4.Nxd4 Nc6 5.Nc3 a6 6.Be2 Nge7 7.O-O Nxd4 8.Qxd4 Nc6
9.Qd3 Qc7 10.Bg5 Bd6 11.Kh1 f6 12.Be3 b5 13.f4 Be7 14.e5 O-O 15.exf6 Rxf6
16.f5 Bb7 17.Bg5 Rff8 18.Bxe7 Nxe7 19.fxe6 dxe6 20.Qe3 e5 21.Bd3 Qd6 22.Be4 Bc6
23.Rfe1 Rad8 24.Rad1 Qf6 25.Rxd8 Rxd8 26.Bxc6 Nxc6 27.Ne4 Qf7 28.Qb6 Qc4
29.b3 Qxc2 30.h3 Rd1 31.Rxd1 Qxd1+ 32.Kh2 Qd5 33.Nc5 e4 34.Nxa6 Qe5+ 35.Kg1 Qa1+
36.Kh2 Qe5+ 37.Kg1 Qa1+ 38.Kh2 Qe5+  1/2-1/2

[Event "NLD-ch"]
[Site "?"]
[Date "1993.??.??"]
[Round "?"]
[White "Van der Wiel, John TH"]
[Black "Van Mil, Johannes A J"]
[Result "1/2-1/2"]
[WhiteElo "2555"]
[BlackElo "2435"]

1.e4 c5 2.Nf3 e6 3.d4 cxd4 4.Nxd4 Nc6 5.Nc3 Qc7 6.Be2 a6 7.O-O Nf6 8.Kh1 Nxd4
9.Qxd4 Bc5 10.Qd3 h5 11.f4 Ng4 12.e5 d5 13.exd6 Bxd6 14.Be3 Bd7 15.Rad1 Nxe3
16.Qxe3 O-O-O 17.Ne4 Be7 18.Ng5 Rhf8 19.Rd3 Bc5 20.Qe5  1/2-1/2

[Event "NLD-chT"]
[Site "?"]
[Date "1993.??.??"]
[Round "2"]
[White "Van der Wiel, John TH"]
[Black "Loeffler, Stefan"]
[Result "1-0"]
[WhiteElo "2555"]
[BlackElo "2365"]

1.e4 c5 2.Nf3 e6 3.d4 cxd4 4.Nxd4 Nc6 5.Nc3 Qc7 6.Be2 Nf6 7.O-O Be7 8.Be3 O-O
9.f4 d6 10.Qe1 Nxd4 11.Bxd4 e5 12.fxe5 dxe5 13.Qg3 Bc5 14.Bxc5 Qxc5+ 15.Kh1 Kh8
16.Qh4 Qe7 17.Bc4 a6 18.a4 Bd7 19.Rad1 Rad8 20.Rd3 Be6 21.Rxd8 Rxd8 22.Bxe6 Qxe6
23.Nd5 Rd7 24.c4 Ng8 25.h3 Ne7 26.Rf3 Nc6 27.Kh2 Nd4 28.Rf6 Qe8 29.Rb6 Qc8
30.b3 Kg8 31.Ne7+ Rxe7 32.Qxe7  1-0

[Event "NLD-chT"]
[Site "?"]
[Date "1993.??.??"]
[Round "4"]
[White "Bertholee, Rob"]
[Black "Brenninkmeijer, Joris"]
[Result "1-0"]
[WhiteElo "2350"]
[BlackElo "2475"]

1.e4 c5 2.Nf3 e6 3.d4 cxd4 4.Nxd4 Nc6 5.Nc3 Qc7 6.Be2 a6 7.O-O b5 8.Nxc6 Qxc6
9.Bf3 Bb7 10.e5 Qc7 11.Bxb7 Qxb7 12.Qd3 Qc7 13.Rd1 Rd8 14.Bg5 Be7 15.Qg3 Kf8
16.a4 b4 17.Na2 a5 18.c3 bxc3 19.Nxc3 Bxg5 20.Qxg5 Ne7 21.Nb5 Qb8 22.Nd6 Qxb2
23.Rab1 Qc2 24.Rbc1 Qg6 25.Qd2 Rb8 26.Rc7 Qh6 27.f4 Rd8 28.Nb7 Re8 29.Qxd7  1-0

[Event "NOR-chT east"]
[Site "NOR"]
[Date "1993.??.??"]
[Round "1"]
[White "Poulsson, Eivind"]
[Black "Elsness, Frode"]
[Result "0-1"]
[WhiteElo "2340"]
[BlackElo "2260"]

1.e4 c5 2.Nf3 Nc6 3.d4 cxd4 4.Nxd4 e6 5.Nc3 a6 6.Be2 Nge7 7.Be3 Nxd4 8.Qxd4 b5
9.O-O Nc6 10.Qd2 Be7 11.f4 d6 12.Bf3 Qc7 13.Ne2 O-O 14.c3 Bd7 15.Rac1 Rab8
16.Rfd1 Rfc8 17.b3 Rd8 18.Nd4 Be8 19.g4 g6 20.Qg2 Rbc8 21.g5 Bf8 22.f5 Qe7
23.f6 Qb7 24.Qe2 Bd7 25.Nxc6 Bxc6 26.Bf2 d5 27.e5 b4 28.c4 dxc4 29.Bxc6 Rxd1+
30.Qxd1 Rxc6 31.Rxc4 Rxc4 32.bxc4 Qe4 33.c5 Qxe5 34.c6 Bd6 35.c7 Bxc7 36.Qd7 Qxg5+
37.Kf1 Qc1+ 38.Kg2 Qg5+ 39.Bg3 Qxf6 40.Qxc7 Qb2+ 41.Kh3 Qc3 42.Qa5 Qc4 43.Qd8+ Kg7
44.Be5+ Kh6 45.Kg3 Kh5 46.Bf4 Qc3+ 47.Kg2 Qb2+ 48.Kg3 Qa3+ 49.Kg2 Qxa2+ 50.Kg3 Qb3+
51.Kf2 Qd5 52.Qb8 Kg4 53.Bg3 Qc5+ 54.Ke2 Qb5+  0-1

[Event "Odense"]
[Site "Odense"]
[Date "1993.??.??"]
[Round "9"]
[White "Pedersen, Steffen"]
[Black "Hansen, Morten"]
[Result "1-0"]
[WhiteElo "2385"]
[BlackElo "2010"]

1.e4 c5 2.Nc3 e6 3.Nge2 Nc6 4.d4 cxd4 5.Nxd4 Qc7 6.Be3 Nf6 7.f4 d6 8.Qf3 Be7
9.O-O-O O-O 10.g4 a6 11.g5 Nd7 12.Rg1 b5 13.Bd3 b4 14.Nd5 exd5 15.Nxc6 Qxc6
16.exd5 Qc7 17.Qe4 g6 18.Qxe7 Bb7 19.Qe4 Rfe8 20.Qf3 Qa5 21.Qh3 b3 22.axb3 Nc5
23.Bd4 Rac8 24.Kb1 Bxd5 25.Qh6 Ne6 26.Bf6 Rb8 27.Rg4 Rxb3 28.Qxh7+  1-0

[Event "Odorheiu Secuiesc op"]
[Site "Odorheiu Secuiesc"]
[Date "1993.??.??"]
[Round "4"]
[White "Milu, Romeo Sorin"]
[Black "Nisipeanu, Liviu Dieter"]
[Result "1/2-1/2"]
[WhiteElo "2410"]
[BlackElo "2395"]

1.e4 c5 2.Nc3 e6 3.Nf3 Nc6 4.d4 cxd4 5.Nxd4 d6 6.Be3 Nf6 7.Bc4 Bd7 8.Qe2 Rc8
9.Bb3 Nxd4 10.Bxd4 b5 11.Nxb5 Qa5+ 12.Nc3 e5 13.Be3 Nxe4 14.O-O-O Nxc3 15.bxc3  1/2-1/2

[Event "Odorheiu Secuiesc"]
[Site "Odorheiu Secuiesc"]
[Date "1993.??.??"]
[Round "11"]
[White "Istratescu, Andrei"]
[Black "Horvath, Jozsef"]
[Result "0-1"]
[WhiteElo "2470"]
[BlackElo "2535"]

1.e4 c5 2.Nf3 e6 3.d4 cxd4 4.Nxd4 Nc6 5.Nc3 Qc7 6.g3 d6 7.Bg2 Nf6 8.O-O Nxd4
9.Qxd4 Bd7 10.a4 a6 11.Be3 Be7 12.a5 Rc8 13.h3 O-O 14.Rfd1 Qb8 15.f4 Bc6
16.Qd2 d5 17.e5 Nd7 18.Qf2 f6 19.exf6 Bxf6 20.Bd4 Kh8 21.Bxf6 Nxf6 22.Qd4 Bd7
23.Qe3 Rc6 24.Rd4 Qa7 25.Bf1 Be8 26.Bd3 Bg6 27.Bxg6 hxg6 28.Kg2 b5 29.f5 Kg8
30.fxe6 b4 31.Ne2 Re8 32.Rd3 Qxe3 33.Rxe3 Rxc2 34.Rd1 Rxb2 35.Kf3 Rc8 36.e7 Kf7
37.g4 g5 38.h4 gxh4 39.g5 Ne8 40.Rxd5 g6 41.Rd4 h3 42.Rh4 Ng7 43.Rxh3 Ra2
44.Nd4 Rxa5 45.Rh7 Ra3 46.Rxa3 bxa3 47.Rh2 Rc4 48.Ke3 Nf5+ 49.Nxf5 gxf5 50.Kd3 Rg4
51.Re2 Ke8 52.Re6 Rxg5 53.Rxa6 Rg3+ 54.Kd4 Kxe7 55.Ke5 Rf3 56.Ra7+ Kd8  0-1

[Event "Olivos op"]
[Site "Olivos"]
[Date "1993.??.??"]
[Round "3"]
[White "Campos, Jose Felix"]
[Black "Arregui, Jose Luis"]
[Result "1-0"]
[WhiteElo "2230"]
[BlackElo "2310"]

1.e4 c5 2.Nf3 Nc6 3.d4 cxd4 4.Nxd4 e6 5.Nc3 Qc7 6.Nb3 Nf6 7.Bd3 a6 8.a4 b6
9.O-O Bb7 10.Kh1 d6 11.f4 g6 12.e5 dxe5 13.fxe5 Nd7 14.Bf4 Bg7 15.a5 Bxe5
16.axb6 Nxb6 17.Bh6 Nb4 18.Na5 Nxd3 19.cxd3 Rd8 20.Nxb7 Qxb7 21.Qb3 Rxd3
22.Rae1 Qc7 23.Rxe5  1-0

[Event "Ostrava"]
[Site "Ostrava"]
[Date "1993.??.??"]
[Round "?"]
[White "Bologan, Viktor"]
[Black "Fogarasi, Tibor"]
[Result "1-0"]
[WhiteElo "2510"]
[BlackElo "2440"]

1.e4 c5 2.Nf3 e6 3.d4 cxd4 4.Nxd4 Nc6 5.Nc3 Qc7 6.Be2 a6 7.Be3 Nf6 8.O-O Be7
9.f4 d6 10.Qe1 O-O 11.Qg3 Nxd4 12.Bxd4 b5 13.a3 Bb7 14.Kh1 Bc6 15.Rae1 Rae8
16.Bd3 e5 17.fxe5 Nh5 18.Qh3 dxe5 19.Be3 Nf4 20.Bxf4 exf4 21.Ne2 Bg5 22.Nd4 Bd7
23.Qf3 Qe5 24.c3 f5 25.Re2 fxe4 26.Bxe4 Qf6 27.Rfe1 Kh8 28.Bd5 Re3 29.Rxe3 fxe3
30.Qxf6 Rxf6 31.Kg1 Rf2 32.Re2 Rxe2 33.Nxe2 Bf5 34.Kf1 Bd3 35.Ke1 g6 36.Bb7 a5
37.Ba6 Bf6 38.Nf4 Be4 39.Bxb5 g5 40.Nh5 Be5 41.g4 Bf3 42.Be2 Bd5 43.Ng3 Kg8
44.Nf5 Be4 45.Bc4+ Kf8 46.Nxe3 Bxh2 47.Ke2 h6 48.Bd3 Bb7 49.Nf5 Kf7 50.Nxh6+ Ke6
51.Nf5 Ke5 52.Nd4 Bf4 53.Bf5 Bc1 54.Nb3 Bxb2 55.Nc5 Bxc3 56.Nxb7 Kd4 57.Nd6 Bb2
58.a4 Bc1 59.Nb5+ Kc4 60.Bc2 Bf4 61.Kf3 Kd5 62.Bb3+ Ke5 63.Ke2 Ke4 64.Bc2+ Kd5
65.Kd3  1-0

[Event "Oviedo rapid"]
[Site "Oviedo"]
[Date "1993.??.??"]
[Round "3"]
[White "Tseshkovsky, Vitaly"]
[Black "Gabaldon, Miguel"]
[Result "1-0"]
[WhiteElo "2495"]
[BlackElo "2250"]

1.e4 c5 2.Nf3 e6 3.d4 cxd4 4.Nxd4 Nc6 5.Nc3 d6 6.Be3 Nf6 7.Qd2 Be7 8.Be2 O-O
9.O-O e5 10.Nb3 Be6 11.Rfd1 Rc8 12.f3 a6 13.Nd5 Bxd5 14.exd5 Nb8 15.c4 b6
16.Nc1 Nbd7 17.b4 e4 18.f4 Ne8 19.Nb3 Bf6 20.Rac1 Nc7 21.Bg4 Rb8 22.Qf2 Re8
23.Bxd7 Qxd7 24.Bxb6 e3 25.Bxe3 Rxb4 26.Bb6 Re4 27.Nd2 Re8 28.Nf3 Rb8 29.Bd4 Qf5
30.Bxf6 Qxf6 31.Qd4 Qg6 32.Qd3 Qg4 33.Ng5 g6 34.Ne4 Ne8 35.g3 Rb2 36.Rd2 Qf5
37.Rcd1 h5  1-0

[Event "Oviedo rapid"]
[Site "Oviedo"]
[Date "1993.??.??"]
[Round "6"]
[White "Fedorov, Vladislav"]
[Black "Zapata, Alonso"]
[Result "1-0"]
[WhiteElo "2440"]
[BlackElo "2555"]

1.e4 c5 2.Nf3 e6 3.d4 cxd4 4.Nxd4 Nc6 5.Nc3 a6 6.Nxc6 bxc6 7.Bd3 e5 8.O-O Nf6
9.Kh1 d6 10.Qe1 Be7 11.f4 O-O 12.Bd2 exf4 13.Bxf4 Bg4 14.e5 dxe5 15.Bxe5 Bh5
16.Qh4 Bg6 17.Bxg6 hxg6 18.Qc4 Qb6 19.b3 Rad8 20.Rae1 Rd2 21.h3 Nd5 22.Na4 Qb7
23.Nc5 Bxc5 24.Qxc5 Qb6 25.Qxb6 Nxb6 26.Bf4 Rd5 27.Rd1 Rfd8  1-0

[Event "WchT U26"]
[Site "Paranana"]
[Date "1993.??.??"]
[Round "?"]
[White "Zarnicki, Pablo"]
[Black "Hernandez, Gilberto"]
[Result "1-0"]
[WhiteElo "2455"]
[BlackElo "2510"]

1.e4 c5 2.Nf3 e6 3.d4 cxd4 4.Nxd4 Nc6 5.Nc3 Qc7 6.Be3 a6 7.Bd3 Nf6 8.O-O Bd6
9.h3 Bf4 10.Bxf4 Qxf4 11.Nxc6 bxc6 12.Re1 d5 13.Qe2 O-O 14.Na4 a5 15.b3 Rd8
16.Rad1 h6 17.e5 Nd7 18.c4 Rb8 19.g3 Qg5 20.Rc1 Qe7 21.cxd5 cxd5 22.Rc7 Qb4
23.Rec1 Qd4 24.Rd1 Kf8 25.Bc4 Qe4 26.Qxe4 dxe4 27.Nc3 Ke8 28.Bb5  1-0

[Event "WchT U26"]
[Site "Paranana"]
[Date "1993.??.??"]
[Round "?"]
[White "Furlan, Miha"]
[Black "Marciano, David"]
[Result "0-1"]
[WhiteElo "2255"]
[BlackElo "2410"]

1.e4 c5 2.Nf3 e6 3.d4 cxd4 4.Nxd4 Nc6 5.Nc3 Qc7 6.Be2 a6 7.O-O Nf6 8.Be3 Bb4
9.Na4 O-O 10.Nxc6 bxc6 11.Nb6 Rb8 12.Nxc8 Rfxc8 13.Bxa6 Rf8 14.Bd3 Bd6 15.f4 e5
16.b3 exf4 17.Bd4 f3 18.Qxf3 Bxh2+ 19.Kh1 Be5 20.Bxe5 Qxe5 21.Rae1 Nh5 22.Re3 g6
23.Bc4 Rbe8 24.Rd3 Re7 25.Rfd1 Nf6 26.Rd6 Kg7 27.a4 Nd5 28.R6xd5 cxd5 29.Bxd5 f5
30.exf5 Rxf5 31.Qd3 Rh5+ 32.Kg1 Qh2+ 33.Kf1 Rhe5 34.Qd4 Kh6 35.Bf3 Rf7 36.Qd2+ Kg7
37.Qd4 h5 38.Kf2 h4 39.Qg4 d5 40.a5 Re4 41.Qg5 Rf5  0-1

[Event "Pardubice op"]
[Site "Pardubice"]
[Date "1993.??.??"]
[Round "1"]
[White "Kuporosov, Viktor"]
[Black "Simic, Dragan"]
[Result "1/2-1/2"]
[WhiteElo "2500"]
[BlackElo "2255"]

1.e4 c5 2.Nf3 e6 3.d4 cxd4 4.Nxd4 Nc6 5.Nc3 d6 6.Be2 Nf6 7.O-O Be7 8.Kh1 O-O
9.f4 Bd7 10.Be3 Qb8 11.a4 Nxd4 12.Bxd4 e5 13.Be3 Bc6 14.Bd3 a6 15.a5 exf4
16.Rxf4 Nd7 17.Bd4 Ne5 18.Qe2 Qc7 19.b4 Rac8 20.Raf1 g6 21.R4f2 Bg5 22.g3 Bh6
23.Bxe5 dxe5 24.Rf3 Kg7 25.Bc4 Bxe4 26.Qxe4 Qxc4 27.Qxe5+ Kg8 28.Nd5 Bg7
29.Ne7+ Kh8 30.Qf4 Qxf4 31.Rxf4  1/2-1/2

[Event "Pardubice op"]
[Site "Pardubice"]
[Date "1993.??.??"]
[Round "5"]
[White "Totsky, Leonid"]
[Black "Fominyh, Alexander"]
[Result "0-1"]
[WhiteElo "2430"]
[BlackElo "2515"]

1.e4 c5 2.Nf3 Nc6 3.d4 cxd4 4.Nxd4 e6 5.Nc3 Qc7 6.Be2 a6 7.O-O Bc5 8.Nb3 Be7
9.a4 Nf6 10.f4 d5 11.exd5 exd5 12.Bf3 O-O 13.Kh1 Rd8 14.Ne2 Bf5 15.Ned4 Be4
16.c3 Bd6 17.Qe2 Re8 18.Bxe4 Rxe4 19.Qf3 Rae8 20.Nf5 Bf8 21.a5 Qd7 22.Ng3 Re1
23.Bd2 Rxf1+ 24.Rxf1 Bd6 25.Qd3 h5 26.c4 dxc4 27.Qxc4 h4 28.Ne2 Re4 29.Qd3 Bb4
30.Qxd7 Nxd7 31.Nc3 Rc4 32.Re1 Nf6 33.Ra1 Ne4 34.Be1 Nxc3 35.bxc3 Be7 36.g3 h3
37.Kg1 Bd8 38.Kf2 f5 39.Ke3 Re4+ 40.Kd2 Re7 41.Bf2 Kf7 42.Bb6 Rd7+ 43.Kc2 Be7
44.Nd2 Kg6 45.Rg1 Rd5 46.g4 Nxa5 47.gxf5+ Kf7 48.Bd4 Bf6 49.Bxf6 gxf6 50.Rg3 Rxf5
51.Rf3 Ke6 52.Re3+ Kd6 53.Rd3+ Kc7 54.Rf3 Nc6 55.Ne4 Ne5 56.Rxh3 Rxf4 57.Nc5 Kc6
58.Ne6 Rf2+ 59.Kb3 b5 60.Nd4+ Kb6 61.Rh8 Nc4 62.Nc2 a5 63.Rb8+ Ka6  0-1

[Event "Pardubice op"]
[Site "Pardubice"]
[Date "1993.??.??"]
[Round "9"]
[White "Nikolenko, Oleg"]
[Black "Kruszynski, Wlodzimierz"]
[Result "1-0"]
[WhiteElo "2475"]
[BlackElo "2390"]

1.e4 c5 2.Nf3 e6 3.d4 cxd4 4.Nxd4 Nc6 5.Nc3 a6 6.g3 d6 7.Bg2 Bd7 8.O-O Nf6
9.a4 Be7 10.Be3 O-O 11.Nxc6 Bxc6 12.a5 Nd7 13.Na4 Kh8 14.Re1 Qc7 15.Nb6 Rae8
16.c4 Nxb6 17.Bxb6 Qd7 18.Qd3 f5 19.Rad1 fxe4 20.Bxe4 Bxe4 21.Rxe4 Rf5 22.Rde1 Bf8
23.R1e3 Qf7 24.Qe2 e5 25.b3 d5 26.cxd5 Qxd5 27.Qc4 Qd1+ 28.Kg2 Rf6 29.Rxe5 Rxe5
30.Rxe5 Qf3+ 31.Kg1 Qd1+ 32.Qf1 Qxb3 33.Re8 Qf7 34.Qe2 Rc6 35.Qe5 Qf3 36.Bc5 Rf6
37.h4 Kg8 38.Qb8 Qd1+ 39.Kh2 Qf3 40.Qc8 h6 41.g4 Qf4+ 42.Kg1 Qc1+ 43.Kg2 Qf4
44.Rxf8+ Rxf8 45.Qxf8+ Qxf8 46.Bxf8 Kxf8 47.Kf3 Ke7 48.Ke4 b5 49.axb6 Kd6
50.f4 Kc6 51.f5 Kxb6 52.g5 hxg5 53.hxg5 Kc6 54.f6 gxf6 55.g6  1-0

[Event "World op"]
[Site "Philadelphia"]
[Date "1993.??.??"]
[Round "?"]
[White "Fishbein, Alexander"]
[Black "Barry, Colm"]
[Result "1-0"]
[WhiteElo "2510"]
[BlackElo "2295"]

1.e4 c5 2.Nf3 e6 3.d4 cxd4 4.Nxd4 Nc6 5.Nc3 a6 6.Be2 Nge7 7.Nb3 d6 8.O-O Ng6
9.a4 b6 10.Be3 Na5 11.f4 Rb8 12.Nd4 Qc7 13.Bh5 Nc4 14.Bc1 Qc5 15.Kh1 Bb7
16.f5 exf5 17.exf5 Nge5 18.b3 Na5  1-0

[Event "World op"]
[Site "Philadelphia"]
[Date "1993.??.??"]
[Round "?"]
[White "De Firmian, Nick E"]
[Black "Benjamin, Joel"]
[Result "1/2-1/2"]
[WhiteElo "2545"]
[BlackElo "2620"]

1.e4 c5 2.Nf3 Nc6 3.d4 cxd4 4.Nxd4 e6 5.Nc3 g6 6.g3 d6 7.Bg2 Bd7 8.O-O Nf6
9.a4 Be7 10.Nb3 O-O 11.Qe2 Na5 12.Nxa5 Qxa5 13.Be3 Rac8 14.Rfd1 h6 15.h3 e5
16.Ra3 Qc7 17.Raa1  1/2-1/2

[Event "World op"]
[Site "Philadelphia"]
[Date "1993.??.??"]
[Round "?"]
[White "Wolff, Patrick G"]
[Black "Zapata, Alonso"]
[Result "1/2-1/2"]
[WhiteElo "2585"]
[BlackElo "2555"]

1.e4 c5 2.Nf3 e6 3.d4 cxd4 4.Nxd4 Nc6 5.Nc3 a6 6.Be2 Nge7 7.Nb3 Ng6 8.O-O Be7
9.a4 b6 10.f4 O-O 11.Be3 Qc7 12.Qd2 f6 13.Rad1 Nb4 14.Bh5 Rd8 15.Qf2 Rb8
16.Nd4 Nf8 17.Rd2 Bb7 18.Rfd1 Ba8 19.Bf3 Nc6 20.Nxc6 Bxc6 21.Qe2 Bc5 22.g3 Qa7
23.Kg2 Rdc8 24.Qf2 Qb7 25.Bd4 Bb4 26.Re2 Ng6 27.b3 Qc7 28.Na2 Bf8 29.Bb2 b5
30.axb5 axb5 31.h4 h6 32.h5 Nh8 33.Nc1 Nf7 34.Nd3 b4 35.e5 f5 36.Bxc6 Qxc6+
37.Qf3 Ra8 38.Ra1 Rxa1 39.Bxa1 Nd8 40.Bb2 Kf7 41.Qxc6 Nxc6 42.Kf3 Rb8 43.Re1 Ne7
44.Ke2 Nd5 45.Ra1 Rc8 46.Kd2 g6 47.hxg6+ Kxg6 48.Bd4 Kh5  1/2-1/2

[Event "Podgorica"]
[Site "Podgorica"]
[Date "1993.??.??"]
[Round "2"]
[White "Kontic, Djordje"]
[Black "Damljanovic, Branko"]
[Result "1/2-1/2"]
[WhiteElo "2400"]
[BlackElo "2550"]

1.e4 c5 2.Ne2 Nc6 3.Nbc3 e6 4.d4 cxd4 5.Nxd4 a6 6.Be2 Nge7 7.O-O Nxd4 8.Qxd4 Nc6
9.Qe3 Qc7 10.Qg5 b5 11.Bf4 d6 12.Rad1 b4 13.Na4 Ne5 14.Be3 Bb7 15.Nb6 Rd8
16.f4 Nd7 17.Nxd7 Rxd7 18.f5 e5 19.f6 gxf6 20.Qxf6 Rg8 21.Bh5 Bxe4 22.Bxf7+ Rxf7
23.Qe6+ Qe7 24.Qc8+ Qd8 25.Qe6+ Qe7 26.Qc8+ Qd8 27.Qxd8+ Kxd8 28.Rxf7 Rxg2+
29.Kf1 Ke8 30.Rf2 Rxf2+ 31.Kxf2 Bxc2 32.Rc1 b3 33.axb3 Bxb3 34.Rc7 Be7 35.Ke2 d5
36.Bc5 Bc4+ 37.Kf3 Bf6 38.Rxh7 e4+ 39.Kf4 Bxb2 40.h4 Bd3 41.h5 Bf6  1/2-1/2

[Event "Podgorica"]
[Site "Podgorica"]
[Date "1993.??.??"]
[Round "6"]
[White "Zontakh, Andrey"]
[Black "Poluljahov, Aleksandr"]
[Result "1/2-1/2"]
[WhiteElo "2455"]
[BlackElo "2515"]

1.e4 c5 2.Nf3 e6 3.d4 cxd4 4.Nxd4 Nc6 5.Nc3 Qc7 6.Be3 a6 7.f4 b5 8.e5 Bb7
9.Qd2 Nxd4 10.Bxd4 Nh6 11.Bd3 Nf5 12.Bxf5 exf5 13.O-O-O b4 14.Na4 Be4 15.Nb6 Rd8
16.Qe2 h5 17.Rd2 Rh6 18.Nc4 Rg6 19.Rg1 h4 20.b3 Be7 21.g4 hxg3 22.Rxg3 Qc6
23.Rxg6 Qxg6 24.Rd1 Rc8 25.Rg1 Qh6 26.Qd2 a5 27.e6 fxe6 28.Bxg7 Qh7 29.Be5 d5
30.Ne3 Bc5 31.Bd4 Bf8 32.Qe2 Rc6 33.Kb2 Kd7 34.Qb5 Qxh2 35.Rg8 Qd2 36.Be5 d4
37.Qb7+ Ke8 38.Qb8+ Kd7 39.Qb7+ Ke8 40.Qa8+ Kd7  1/2-1/2

[Event "Podgorica"]
[Site "Podgorica"]
[Date "1993.??.??"]
[Round "7"]
[White "Marinkovic, Ivan"]
[Black "Kontic, Djordje"]
[Result "1-0"]
[WhiteElo "2445"]
[BlackElo "2400"]

1.e4 c5 2.Nf3 Nc6 3.Nc3 e6 4.d4 cxd4 5.Nxd4 Qc7 6.g3 a6 7.Bg2 h5 8.h3 h4
9.g4 Nge7 10.Nde2 Ng6 11.f4 Bc5 12.e5 d5 13.exd6 Qxd6 14.Qxd6 Bxd6 15.Ne4 Bc7
16.a3 Bd7 17.Be3 Na5 18.b3 O-O-O 19.Ng5 Rhf8 20.Rd1 f6 21.Ne4 Bb5 22.Rxd8+ Rxd8
23.N4c3 Bc6 24.O-O Bxg2 25.Kxg2 Nc6 26.Rd1 Re8 27.Kf3 Nce7 28.Bc5 f5 29.Bd6 e5
30.Bxc7 Kxc7 31.gxf5 Nxf5 32.Nd5+ Kb8 33.Kg4 Rf8 34.Kg5 Nxf4 35.Nexf4 exf4
36.Rf1 Rd8 37.Rxf4 Rxd5 38.Rxf5 Rd2 39.Rc5 Rd4 40.Rc4 Rxc4 41.bxc4 Kc7 42.Kxh4 Kd7
43.Kg5 Ke7 44.Kg6 Kf8 45.c5 Kg8 46.a4 a5 47.h4 Kh8  1-0

[Event "RUS-chT"]
[Site "Podolsk"]
[Date "1993.??.??"]
[Round "?"]
[White "Zaitsev, Igor A"]
[Black "Terentiev, Vitaly G"]
[Result "1-0"]
[WhiteElo "2450"]
[BlackElo "2400"]

1.e4 c5 2.Nf3 e6 3.d4 cxd4 4.Nxd4 Nc6 5.Nc3 Qc7 6.Be3 a6 7.f4 b5 8.Nxc6 Qxc6
9.Bd3 Bb7 10.Qe2 b4 11.Nd1 Nf6 12.Nf2 Be7 13.Bd4 Qc7 14.Qe3 d6 15.O-O O-O
16.e5 dxe5 17.fxe5 Nd7 18.Ng4 Bc5 19.c3 bxc3 20.bxc3 Qc6 21.Qh3 h5 22.Nf2 g6
23.Rae1 Bxd4 24.cxd4 Qc3 25.Rb1 Bd5 26.Qe3 Rac8 27.Qf4 Qa3 28.Qh6 Rfd8 29.Bxg6 fxg6
30.Qxg6+ Kh8 31.Qxh5+ Kg8 32.Ng4 Rf8 33.Nh6+ Kg7 34.Qg5+ Kh7 35.Nf7 Qd3 36.Qh6+  1-0

[Event "RUS-chT"]
[Site "Podolsk"]
[Date "1993.??.??"]
[Round "?"]
[White "Pozin, Sergey"]
[Black "Utemov, Vladimir"]
[Result "1-0"]
[WhiteElo "2340"]
[BlackElo "2430"]

1.e4 c5 2.Nc3 e6 3.Nf3 Nc6 4.d4 cxd4 5.Nxd4 Qc7 6.f4 a6 7.Be3 b5 8.Be2 Bb7
9.O-O b4 10.Na4 Nf6 11.Bf3 Na5 12.Qd3 Nc4 13.Bf2 Rc8 14.b3 Na3 15.Rac1 Qxf4
16.e5 Nd5 17.c4 bxc3 18.Bxd5 Bxd5 19.Nb6 Be4 20.Qe2 Rb8 21.Bg3 Qd2 22.Qxe4 Bc5
23.Rfd1 Bxd4+ 24.Qxd4 Qxd4+ 25.Rxd4 Rxb6 26.Rxc3 Rc6 27.Rcd3 Rc1+ 28.Kf2 Rc2+
29.Kf3 O-O 30.Rxd7 Rxa2 31.Bf2 g5 32.Bc5 Rc8 33.Be7 Kg7 34.Rd8 Rxd8 35.Rxd8 g4+  1-0

[Event "Polanica Zdroj op"]
[Site "Polanica Zdroj"]
[Date "1993.??.??"]
[Round "10"]
[White "Swic, Waldemar"]
[Black "Borkowski, Franciszek"]
[Result "0-1"]
[WhiteElo "2300"]
[BlackElo "2435"]

1.e4 c5 2.Nf3 e6 3.d4 cxd4 4.Nxd4 Nc6 5.Nc3 Qc7 6.g3 a6 7.Bg2 b5 8.O-O Bb7
9.Re1 Be7 10.Nxc6 dxc6 11.e5 h5 12.Ne4 Rd8 13.Nd6+ Bxd6 14.exd6 Qxd6 15.Qf3 Nf6
16.Bg5 Qd5 17.Qf4 Qd4 18.Qc7 Qd7 19.Qb6 O-O 20.Bxf6 gxf6 21.Bf3 Kg7 22.Rad1 Qc8
23.h4 e5 24.Be4 Rd7 25.Qe3 c5 26.c3 Rxd1 27.Rxd1 Qg4 28.Re1 Bxe4 29.Qxe4 Qxe4
30.Rxe4 Rd8 31.Re2 Kg6 32.Kg2 Kf5 33.f3 Rd1 34.a3 c4 35.Kf2 Ke6 36.Kg2 f5
37.Kf2 Kd5  0-1

[Event "Policka (Women)"]
[Site "Policka"]
[Date "1993.??.??"]
[Round "8"]
[White "Kawaciukova, Zuzana"]
[Black "Lymar, Irina"]
[Result "1/2-1/2"]
[WhiteElo "2085"]
[BlackElo "2270"]

1.e4 c5 2.Nf3 e6 3.d4 cxd4 4.Nxd4 Nc6 5.Nc3 Qc7 6.Be2 a6 7.O-O Nf6 8.Be3 Be7
9.f4 d6 10.Bf3 O-O 11.h3 Nxd4 12.Bxd4 e5 13.Be3 exf4 14.Bd4 Be6 15.Qd2 g5
16.h4 Qa5 17.Rad1 Bd8 18.b4 Qxb4 19.hxg5 Nd7 20.Qxf4 Bb6 21.Ne2 Rac8 22.c3 Rxc3
23.Kh2 Bxd4 24.Nxd4 Ne5 25.Bh5 Rcc8 26.Nf5 Bxf5 27.Qxf5 Rc2 28.Rh1 Qb2 29.Qh3 Ng6
30.Rhf1 Qe5+ 31.Qg3 Qxg3+ 32.Kxg3 Rxa2 33.Rxd6 b5 34.Rb6 Rd8 35.Rff6 Rd3+
36.Bf3 Ne5 37.Rxa6 Rxa6 38.Rxa6 Nc4 39.Ra8+ Kg7 40.Rb8 Rb3 41.Kf4 Rb2  1/2-1/2

[Event "Policka (Women)"]
[Site "Policka"]
[Date "1993.??.??"]
[Round "9"]
[White "Pallova, Martina"]
[Black "Janjgava, Natia"]
[Result "1/2-1/2"]
[WhiteElo "2035"]
[BlackElo "2230"]

1.e4 c5 2.Nf3 e6 3.d4 cxd4 4.Nxd4 Nc6 5.Nc3 Qc7 6.Be3 a6 7.f4 b5 8.Be2 Bb7
9.O-O Na5 10.Qd3 Nf6 11.e5 Nd5 12.Nxd5 Bxd5 13.b3 Nb7 14.Bf3 Bxf3 15.Nxf3 d5
16.f5 Nc5 17.Bxc5 Bxc5+ 18.Kh1 exf5 19.Qxf5 Be7 20.e6 fxe6 21.Qxe6 Qd7 22.Ng5 Qxe6
23.Nxe6 Bf6 24.Rad1 Rc8 25.Rf2 Kf7 26.Nf4 d4 27.Nd5 Rhd8 28.Nxf6 gxf6  1/2-1/2